Climb with corner stone: (Record no. 1471908)
[ view plain ]
| 000 -LEADER | |
|---|---|
| fixed length control field | 00584nam a2200193 4500 |
| 001 - CONTROL NUMBER | |
| control field | vtls002055052 |
| 003 - CONTROL NUMBER IDENTIFIER | |
| control field | NLI |
| 005 - DATE AND TIME OF LATEST TRANSACTION | |
| control field | 20210701054557.0 |
| 008 - FIXED-LENGTH DATA ELEMENTS--GENERAL INFORMATION | |
| fixed length control field | 191115 00 eng |
| 020 ## - INTERNATIONAL STANDARD BOOK NUMBER | |
| International Standard Book Number | 9789353434984; |
| Terms of availability | Rs.260.00 |
| 039 #9 - LEVEL OF BIBLIOGRAPHIC CONTROL AND CODING DETAIL [OBSOLETE] | |
| -- | 201911151446 |
| -- | swarups |
| 100 1# - MAIN ENTRY--PERSONAL NAME | |
| Personal name | Fevre, Andre Le |
| 9 (RLIN) | 996712 |
| 245 10 - TITLE STATEMENT | |
| Title | Climb with corner stone: |
| Remainder of title | grammar and composition skills for grade 4/ |
| Statement of responsibility, etc. | Andre Le Fevre |
| 260 ## - PUBLICATION, DISTRIBUTION, ETC. | |
| Place of publication, distribution, etc. | Ghaziabad: |
| Name of publisher, distributor, etc. | Pearson, |
| Date of publication, distribution, etc. | 2020 |
| 887 ## - NON-MARC INFORMATION FIELD | |
| Content of non-MARC field | |
| 903 ## - LOCAL DATA ELEMENT C, LDC (RLIN) | |
| a | swarups |
| 942 ## - ADDED ENTRY ELEMENTS (KOHA) | |
| Source of classification or shelving scheme | Dewey Decimal Classification |
| Koha item type | Books |
| Withdrawn status | Lost status | Damaged status | Not for loan | Home library | Current library | Date acquired | Total Checkouts | Date last seen | Price effective from | Koha item type |
|---|---|---|---|---|---|---|---|---|---|---|
| National Library of India | National Library of India | 01/07/2021 | 01/07/2021 | Books |
